Statistics for Subdivisions of Lancaster County, Pennsylvania - Map Quiz

Click here to take the quiz!

General Stats

  • This quiz has been taken 14 times
  • The average score is 16 of 70

Answers on the Map

Answers color-coded by a green-red scale on the quiz's map according to % correct below.
 

Answer Stats

Answer% Correct
Lancaster
67%
Lancaster Township
50%
Millersville
50%
Christiana
33%
Columbia
33%
Conestoga Township
33%
East Hempfield Township
33%
Ephrata
33%
Gap
33%
Little Britain Township
33%
Manor Township
33%
Marietta
33%
Martic Township
33%
Mount Joy
33%
New Holland
33%
Pequea Township
33%
Quarryville
33%
Strasburg
33%
Strasburg Township
33%
West Hempfield Township
33%
Willow Street
33%
Adamstown
17%
Akron
17%
Bart Township
17%
Brecknock Township
17%
Brickerville
17%
Caernarvon Township
17%
Clay Township
17%
Colerain Township
17%
Conoy Township
17%
Denver
17%
Drumore Township
17%
Earl Township
17%
East Cocalico Township
17%
East Donegal Township
17%
East Drumore Township
17%
East Earl Township
17%
East Lampeter Township
17%
East Petersburg
17%
Eden Township
17%
Elizabethtown
17%
Elizabeth Township
17%
Ephrata Township
17%
Fulton Township
17%
Leacock-Leola-Bareville
17%
Leacock Township
17%
Lititz
17%
Manheim
17%
Manheim Township
17%
Maytown
17%
Mount Joy Township
17%
Mountville
17%
Paradise
17%
Paradise Township
17%
Penn Township
17%
Providence Township
17%
Rapho Township
17%
Reamstown
17%
Rheems
17%
Rothsville
17%
Sadsbury Township
17%
Salisbury Township
17%
Salunga-Landisville
17%
Terre Hill
17%
Upper Leacock Township
17%
Warwick Township
17%
West Cocalico Township
17%
West Donegal Township
17%
West Earl Township
17%
West Lampeter Township
17%

Score Distribution

Percentile by Number Answered

Percent of People with Each Score

Your Score History

You have not taken this quiz